Central Library OPAC University of Rajshahi

Accounting for industrial management / (Record no. 15837)

MARC details
000 -LEADER
fixed length control field 00859cam a22002531 4500
001 - CONTROL NUMBER
control field 15837
003 - CONTROL NUMBER IDENTIFIER
rucl marc code BD-RjUL
005 - DATE AND TIME OF LATEST TRANSACTION
control field 20211208235909.0
008 - FIXED-LENGTH DATA ELEMENTS--GENERAL INFORMATION
fixed length control field 140211s1964 nyu 000 0 eng
035 ## - SYSTEM CONTROL NUMBER
System control number (BD-RjUL)15892
System control number (OCoLC)686901
040 ## - CATALOGING SOURCE
Original cataloging agency DLC
Transcribing agency PPi
Modifying agency Uk
-- DLC
-- BD-RjUL
Language of cataloging eng
041 ## - LANGUAGE CODE
Language code of text/sound track or separate title eng
082 ## - DEWEY DECIMAL CLASSIFICATION NUMBER
Classification number 657.4
Author mark and year SIA 1964
100 1# - MAIN ENTRY--PERSONAL NAME
Personal name Sidebotham, Roy,
Dates associated with a name 1927-1970.
9 (RLIN) 47026
245 10 - TITLE STATEMENT
Title Accounting for industrial management /
Statement of responsibility, etc. R. Sidebotham.
260 ## - PUBLICATION, DISTRIBUTION, ETC. (IMPRINT)
Place of publication, distribution, etc. Oxford ;
Name of publisher, distributor, etc. Pergamon Press ;
Place of publication, distribution, etc. New York :
Name of publisher, distributor, etc. Macmillan,
Date of publication, distribution, etc. c1964.
300 ## - PHYSICAL DESCRIPTION
Pagination vii, 197 p. :
Illustrations ill. ;
Size 20 cm.
410 20 - SERIES STATEMENT/ADDED ENTRY--CORPORATE NAME [OBSOLETE, CAN/MARC], [LOCAL, USA]
Corporate name or jurisdiction name as entry element The Commonwealth and international library of science, technology, engineering, and liberal studies.
Subordinate unit Business management division,
Volume number/sequential designation v. 4
650 #0 - SUBJECT ADDED ENTRY--TOPICAL TERM
Topical term or geographic name as entry element Cost accounting.
9 (RLIN) 49122
942 ## - ADDED ENTRY ELEMENTS (KOHA)
Source of classification or shelving scheme Dewey Decimal Classification
Koha item type Books
Holdings
Lost status Source of classification or shelving scheme Damaged status Not for loan Collection code Permanent Location Current Location Shelving location Date acquired Source of acquisition Total Checkouts Full call number Date last seen Copy number Koha item type
  Dewey Decimal Classification     Non-fiction Central Library, University of Rajshahi Central Library, University of Rajshahi   30/03/1974 B.N.B.C.   657.4 SIA 1964 11/02/2014 C-6 Books